Hindu rulers, Muslim subjects : (Record no. 1715639)

MARC details
000 -LEADER
fixed length control field 00702nam a22002177a 4500
003 - CONTROL NUMBER IDENTIFIER
control field OSt
005 - DATE AND TIME OF LATEST TRANSACTION
control field 20260317171500.0
008 - FIXED-LENGTH DATA ELEMENTS--GENERAL INFORMATION
fixed length control field 260317b |||||||| |||| 00| 0 eng d
020 ## - INTERNATIONAL STANDARD BOOK NUMBER
International Standard Book Number 9788178242026
040 ## - CATALOGING SOURCE
Language of cataloging eng
Transcribing agency HDL
082 ## - DEWEY DECIMAL CLASSIFICATION NUMBER
Classification number 294.5 P4
100 1# - MAIN ENTRY--PERSONAL NAME
Personal name Rai, Mridu,
Relator term author.
245 10 - TITLE STATEMENT
Title Hindu rulers, Muslim subjects :
Remainder of title Islam, rights, and the history of Kashmir /
Statement of responsibility, etc. Mridu Rai.
260 ## - PUBLICATION, DISTRIBUTION, ETC.
Place of publication, distribution, etc. New Delhi;
Name of publisher, distributor, etc. Permanent black,
Date of publication, distribution, etc. 2004.
300 ## - PHYSICAL DESCRIPTION
Extent 335 pages ;
Dimensions 22 cm
650 #0 - SUBJECT ADDED ENTRY--TOPICAL TERM
Topical term or geographic name entry element Jammu and Kashmir (India)
General subdivision Politics and government.
9 (RLIN) 1132357
650 #0 - SUBJECT ADDED ENTRY--TOPICAL TERM
Topical term or geographic name entry element Muslims
Geographic subdivision India
-- Jammu and Kashmir
General subdivision Government relations.
9 (RLIN) 1132358
651 ## - SUBJECT ADDED ENTRY--GEOGRAPHIC NAME
Geographic name India
942 ## - ADDED ENTRY ELEMENTS (KOHA)
Source of classification or shelving scheme Colon Classification (CC)
Koha item type Textual
Suppress in OPAC No
Holdings
Withdrawn status Lost status Source of classification or shelving scheme Damaged status Not for loan Home library Current library Date acquired Total Checkouts Date last seen Price effective from Koha item type
    Colon Classification (CC)     Department of History Library Department of History Library 2026-03-17   2026-03-17 2026-03-17 Textual
Copyright @ Delhi University Library System